000 00957cam a2200157 4500500
005 20251026003325.0
041 _afre
042 _adc
100 1 0 _aVignes, Jean
_eauthor
245 0 0 _aChristian Laval, Guillaume Pégon, Souci écologique et santé mentale dans un monde troublé, Éditions Érès, 2024
260 _c2025.
500 _a100
520 _aLorsque l’on transpose nos normes de la bonne vieillesse ou de la bonne mort, forgées dans nos pratiques soignantes ou nos expériences personnelles, ne risque-t-on pas d’être en décalage avec celles et ceux qui vivent ces réalités ? Faire de la mort des personnes âgées un objet scientifique apparaît aujourd’hui nécessaire mais cela ne peut se faire sans déconstruire les idéologies qui l’entourent.
786 0 _nPratiques | 108 | 1 | 2025-10-13 | p. 91-91 | 0337-6400
856 4 1 _uhttps://stm.cairn.info/revue-pratiques-2025-1-page-91?lang=fr&redirect-ssocas=7080
999 _c1559215
_d1559215